| 000 | 01728nam a2200373 a 4500 | ||
|---|---|---|---|
| 001 | ebr10470367 | ||
| 003 | CaPaEBR | ||
| 006 | m u | ||
| 007 | cr cn||||||||| | ||
| 008 | 110218s2011 nyu sb 001 0 eng d | ||
| 010 | _z 2011005357 | ||
| 020 | _z9780823234493 (cloth : alk. paper) | ||
| 020 | _z9780823234509 (pbk. : alk. paper) | ||
| 040 |
_aCaPaEBR _cCaPaEBR |
||
| 035 | _a(OCoLC)732958804 | ||
| 050 | 1 | 4 |
_aHT1523 _b.M63 2011eb |
| 082 | 0 | 4 |
_a305.8001 _222 |
| 100 | 1 | _aMonahan, Michael J. | |
| 245 | 1 | 4 |
_aThe creolizing subject _h[electronic resource] : _brace, reason, and the politics of purity / _cMichael J. Monahan. |
| 250 | _a1st ed. | ||
| 260 |
_aNew York : _bFordham University Press, _c2011. |
||
| 300 | _aix, 247 p. | ||
| 490 | 1 | _aJust ideas | |
| 504 | _aIncludes bibliographical references and index. | ||
| 505 | 0 | _aContingency, history, and ontology : on abolishing whiteness -- Turbulent and dangerous spirits : Irish servitude in Barbados -- Race and biology : scientific reason and the politics of purity -- "Becoming" white : race, reality, and agency -- The politics of purity : colonialism, reason, and modernity -- Creolizing subjects : antiracism and the future of philosophy. | |
| 533 |
_aElectronic reproduction. _bPalo Alto, Calif. : _cebrary, _d2013. _nAvailable via World Wide Web. _nAccess may be limited to ebrary affiliated libraries. |
||
| 650 | 0 |
_aRace _xPhilosophy. |
|
| 650 | 0 |
_aRace relations _xPhilosophy. |
|
| 650 | 0 | _aRacism. | |
| 655 | 7 |
_aElectronic books. _2local |
|
| 710 | 2 | _aebrary, Inc. | |
| 830 | 0 | _aJust ideas. | |
| 856 | 4 | 0 |
_uhttp://site.ebrary.com/lib/rucke/Doc?id=10470367 _zAn electronic book accessible through the World Wide Web; click to view |
| 999 |
_c114337 _d114337 |
||